<?xml version="1.0" encoding="UTF-8"?>
<collection xmlns="http://www.loc.gov/MARC21/slim">
 <record>
  <leader>03168aam a22003498a 4500</leader>
  <controlfield tag="001">NCT_17464</controlfield>
  <controlfield tag="008">110714s2011                  ||||||viesd</controlfield>
  <datafield tag="999" ind1=" " ind2=" ">
   <subfield code="c">829</subfield>
   <subfield code="d">829</subfield>
  </datafield>
  <datafield tag="020" ind1=" " ind2=" ">
   <subfield code="c">103000</subfield>
  </datafield>
  <datafield tag="082" ind1="0" ind2="4">
   <subfield code="2">23rd ed.</subfield>
   <subfield code="a">363.787</subfield>
   <subfield code="b">Tr308</subfield>
  </datafield>
  <datafield tag="100" ind1="1" ind2=" ">
   <subfield code="a">Lâm Minh Triết</subfield>
  </datafield>
  <datafield tag="245" ind1="1" ind2="0">
   <subfield code="a">Giáo trình quản lý chất thải nguy hại</subfield>
   <subfield code="c">Lâm Minh Triết, Lê Thanh Hải</subfield>
  </datafield>
  <datafield tag="250" ind1=" " ind2=" ">
   <subfield code="a">Tái bản</subfield>
  </datafield>
  <datafield tag="260" ind1=" " ind2=" ">
   <subfield code="a">H.</subfield>
   <subfield code="b">Xây dựng</subfield>
   <subfield code="c">2015</subfield>
  </datafield>
  <datafield tag="300" ind1=" " ind2=" ">
   <subfield code="a">283tr.</subfield>
   <subfield code="b">minh hoạ</subfield>
   <subfield code="c">27cm</subfield>
  </datafield>
  <datafield tag="500" ind1=" " ind2=" ">
   <subfield code="a">ĐTTS ghi: Đại học Quốc gia Tp. Hồ Chí Minh. Viện Môi trường và Tài nguyên - IER</subfield>
  </datafield>
  <datafield tag="520" ind1="3" ind2=" ">
   <subfield code="a">Giới thiệu tổng quan các vấn đề liên quan đến chất thải nguy hại. Trình bày thực tế liên quan đến quản lý chất thải nguy hại như: hiện trạng và đặc điểm hệ thống quản lý chất thải nguy hại ở Việt Nam và thế giới, các chủ đề liên quan đến các khâu trong quy trình quản lý chất thải nguy hại..., kiểm soát và xử lý chất thải nguy hại như kiểm toán chất thải, ngăn ngừa ô nhiễm chất thải nguy hại và các kỹ thuật cơ bản để xử lý chất thải nguy hại. Đề xuất một số giải pháp quản lý chất thải nguy hại trong các môi trường khác nhau</subfield>
  </datafield>
  <datafield tag="653" ind1=" " ind2=" ">
   <subfield code="a">Kỹ thuật môi trường</subfield>
  </datafield>
  <datafield tag="653" ind1=" " ind2=" ">
   <subfield code="a">Quản lý Tài nguyên &amp; Môi trường</subfield>
  </datafield>
  <datafield tag="655" ind1=" " ind2="7">
   <subfield code="a">Giáo trình</subfield>
  </datafield>
  <datafield tag="700" ind1="1" ind2=" ">
   <subfield code="a">Lê Thanh Hải</subfield>
  </datafield>
  <datafield tag="942" ind1=" " ind2=" ">
   <subfield code="2">ddc</subfield>
   <subfield code="c">BK</subfield>
  </datafield>
  <datafield tag="952" ind1=" " ind2=" ">
   <subfield code="0">0</subfield>
   <subfield code="1">0</subfield>
   <subfield code="2">ddc</subfield>
   <subfield code="4">0</subfield>
   <subfield code="6">363_787000000000000_TR308</subfield>
   <subfield code="7">0</subfield>
   <subfield code="9">5083</subfield>
   <subfield code="a">000001</subfield>
   <subfield code="b">000001</subfield>
   <subfield code="d">2017-12-01</subfield>
   <subfield code="o">363.787 Tr308</subfield>
   <subfield code="p">MD.04595</subfield>
   <subfield code="r">2017-12-01</subfield>
   <subfield code="v">103000.00</subfield>
   <subfield code="w">2017-12-01</subfield>
   <subfield code="y">BK</subfield>
  </datafield>
  <datafield tag="952" ind1=" " ind2=" ">
   <subfield code="0">0</subfield>
   <subfield code="1">0</subfield>
   <subfield code="2">ddc</subfield>
   <subfield code="4">0</subfield>
   <subfield code="6">363_787000000000000_TR308</subfield>
   <subfield code="7">0</subfield>
   <subfield code="9">5084</subfield>
   <subfield code="a">000001</subfield>
   <subfield code="b">000001</subfield>
   <subfield code="d">2017-12-01</subfield>
   <subfield code="l">1</subfield>
   <subfield code="o">363.787 Tr308</subfield>
   <subfield code="p">MD.04596</subfield>
   <subfield code="r">2019-08-28</subfield>
   <subfield code="s">2019-08-14</subfield>
   <subfield code="v">103000.00</subfield>
   <subfield code="w">2017-12-01</subfield>
   <subfield code="y">BK</subfield>
  </datafield>
  <datafield tag="952" ind1=" " ind2=" ">
   <subfield code="0">0</subfield>
   <subfield code="1">0</subfield>
   <subfield code="2">ddc</subfield>
   <subfield code="4">0</subfield>
   <subfield code="6">363_787000000000000_TR308</subfield>
   <subfield code="7">0</subfield>
   <subfield code="9">5085</subfield>
   <subfield code="a">000001</subfield>
   <subfield code="b">000001</subfield>
   <subfield code="d">2017-12-01</subfield>
   <subfield code="o">363.787 Tr308</subfield>
   <subfield code="p">MD.04598</subfield>
   <subfield code="r">2017-12-01</subfield>
   <subfield code="v">103000.00</subfield>
   <subfield code="w">2017-12-01</subfield>
   <subfield code="y">BK</subfield>
  </datafield>
  <datafield tag="952" ind1=" " ind2=" ">
   <subfield code="0">0</subfield>
   <subfield code="1">0</subfield>
   <subfield code="2">ddc</subfield>
   <subfield code="4">0</subfield>
   <subfield code="6">363_787000000000000_TR308</subfield>
   <subfield code="7">0</subfield>
   <subfield code="9">5086</subfield>
   <subfield code="a">000001</subfield>
   <subfield code="b">000001</subfield>
   <subfield code="d">2017-12-01</subfield>
   <subfield code="l">1</subfield>
   <subfield code="o">363.787 Tr308</subfield>
   <subfield code="p">MD.04599</subfield>
   <subfield code="r">2018-03-06</subfield>
   <subfield code="s">2018-02-09</subfield>
   <subfield code="v">103000.00</subfield>
   <subfield code="w">2017-12-01</subfield>
   <subfield code="y">BK</subfield>
  </datafield>
  <datafield tag="952" ind1=" " ind2=" ">
   <subfield code="0">0</subfield>
   <subfield code="1">0</subfield>
   <subfield code="2">ddc</subfield>
   <subfield code="4">0</subfield>
   <subfield code="6">363_787000000000000_TR308</subfield>
   <subfield code="7">0</subfield>
   <subfield code="9">5087</subfield>
   <subfield code="a">000001</subfield>
   <subfield code="b">000001</subfield>
   <subfield code="d">2017-12-01</subfield>
   <subfield code="l">1</subfield>
   <subfield code="o">363.787 Tr308</subfield>
   <subfield code="p">MD.04600</subfield>
   <subfield code="r">2018-01-31</subfield>
   <subfield code="s">2018-01-31</subfield>
   <subfield code="v">103000.00</subfield>
   <subfield code="w">2017-12-01</subfield>
   <subfield code="y">BK</subfield>
  </datafield>
  <datafield tag="952" ind1=" " ind2=" ">
   <subfield code="0">0</subfield>
   <subfield code="1">0</subfield>
   <subfield code="2">ddc</subfield>
   <subfield code="4">0</subfield>
   <subfield code="6">363_787000000000000_TR308</subfield>
   <subfield code="7">0</subfield>
   <subfield code="9">5088</subfield>
   <subfield code="a">000001</subfield>
   <subfield code="b">000001</subfield>
   <subfield code="d">2017-12-01</subfield>
   <subfield code="o">363.787 Tr308</subfield>
   <subfield code="p">MD.04601</subfield>
   <subfield code="r">2017-12-01</subfield>
   <subfield code="v">103000.00</subfield>
   <subfield code="w">2017-12-01</subfield>
   <subfield code="y">BK</subfield>
  </datafield>
  <datafield tag="952" ind1=" " ind2=" ">
   <subfield code="0">0</subfield>
   <subfield code="1">0</subfield>
   <subfield code="2">ddc</subfield>
   <subfield code="4">0</subfield>
   <subfield code="6">363_787000000000000_TR308</subfield>
   <subfield code="7">0</subfield>
   <subfield code="9">5089</subfield>
   <subfield code="a">000001</subfield>
   <subfield code="b">000001</subfield>
   <subfield code="d">2017-12-01</subfield>
   <subfield code="o">363.787 Tr308</subfield>
   <subfield code="p">MD.04602</subfield>
   <subfield code="r">2017-12-01</subfield>
   <subfield code="v">103000.00</subfield>
   <subfield code="w">2017-12-01</subfield>
   <subfield code="y">BK</subfield>
  </datafield>
  <datafield tag="952" ind1=" " ind2=" ">
   <subfield code="0">0</subfield>
   <subfield code="1">0</subfield>
   <subfield code="2">ddc</subfield>
   <subfield code="4">0</subfield>
   <subfield code="6">363_787000000000000_TR308</subfield>
   <subfield code="7">0</subfield>
   <subfield code="9">5090</subfield>
   <subfield code="a">000001</subfield>
   <subfield code="b">000001</subfield>
   <subfield code="d">2017-12-01</subfield>
   <subfield code="o">363.787 Tr308</subfield>
   <subfield code="p">MD.04603</subfield>
   <subfield code="r">2017-12-01</subfield>
   <subfield code="v">103000.00</subfield>
   <subfield code="w">2017-12-01</subfield>
   <subfield code="y">BK</subfield>
  </datafield>
  <datafield tag="952" ind1=" " ind2=" ">
   <subfield code="0">0</subfield>
   <subfield code="1">0</subfield>
   <subfield code="2">ddc</subfield>
   <subfield code="4">0</subfield>
   <subfield code="6">363_787000000000000_TR308</subfield>
   <subfield code="7">0</subfield>
   <subfield code="9">13279</subfield>
   <subfield code="a">000001</subfield>
   <subfield code="b">000001</subfield>
   <subfield code="d">2018-08-20</subfield>
   <subfield code="l">1</subfield>
   <subfield code="o">363.787 Tr308</subfield>
   <subfield code="p">MD.04597</subfield>
   <subfield code="r">2018-09-03</subfield>
   <subfield code="s">2018-08-20</subfield>
   <subfield code="v">103000.00</subfield>
   <subfield code="w">2018-08-20</subfield>
   <subfield code="y">BK</subfield>
  </datafield>
  <datafield tag="980" ind1=" " ind2=" ">
   <subfield code="a">Thư viện Trường Đại học Nam Cần Thơ</subfield>
  </datafield>
 </record>
</collection>
